Alofi - Choix Multiples - Statistiques

Statistiques générales
  • Ce quiz a été pris 5 fois
  • Le résultat moyen est 6 sur 10
Statistiques - réponses
Question Réponse % Correct
Quel est l'autre état en libre association avec la Nouvelle-Zélande en plus de Niue ? Îles Cook
100%
Periode auquel Alofi et l'île fut découvert par les polynésiens. 900 ap J-C
75%
Archipel d'Océanie auquel appartient Niue et donc Alofi Polynésie
75%
Sport le plus populaire du pays Rugby
75%
Cyclone de 2004 qui as été le plus violent Heta
50%
Surnom que James Cook à donner à l'île une fois accoster Île sauvage
50%
Alofi est la 2e plus petite capitale du monde. Quel est LA plus petite du monde ? Melekeok
50%
Organisation mondial auquel Niue n'est pas membre ONU
50%
Statut quand l'île était sous l'Empire britannique Protectorat
50%
De quel territoire venaient ces polynesiens ? Tonga
50%
Aucun quiz correspondant
Distribution des résultats
% des personnes avec chaque résultat
Percentile par nombre de réponses
Votre historique - résultats
Vous n’avez pas pris ce quiz